[Event "Bayern-chTT (LL Nord)"]
[Site "Bayern 2008/09"]
[Date "2009.01.18"]
[Round "5.2"]
[White "Haag, Wolfgang"]
[Black "Barth, Norbert Dr"]
[Result "0-1"]
[WhiteElo "2160"]
[BlackElo "2208"]
[PlyCount "108"]
[EventDate "2009.03.??"]
[EventType "team-tourn"]
[EventRounds "9"]
[WhiteTeam "Schweinfurt 1"]
[BlackTeam "Schwandorf 1"]

1. d4 Nf6 2. c4 e6 3. Nf3 Bb4+ 4. Nbd2 b6 5. a3 Bxd2+ 6. Qxd2 Bb7 7. e3 c5 8.
Be2 cxd4 9. Qxd4 Nc6 10. Qh4 Na5 11. O-O Nb3 12. Ra2 Ne4 13. Qxd8+ Kxd8 14. Nd4
Nec5 15. f3 Nxd4 16. exd4 Nb3 17. Be3 Ba6 18. Kf2 Rc8 19. c5 Bxe2 20. Kxe2 bxc5
21. dxc5 a6 22. Rd1 Nxc5 23. Rd6 Ke7 24. Rb6 Rc7 25. Bf4 Rc6 26. Rxc6 dxc6 27.
b4 Nd7 28. Rc2 Rc8 29. Kd3 c5 30. Be3 Kd6 31. bxc5+ Nxc5+ 32. Ke2 Rc6 33. Rd2+
Kc7 34. Bf4+ Kb7 35. Rc2 Na4 36. Rxc6 Kxc6 37. Kd3 Kd5 38. Bg3 e5 39. Bf2 f5
40. Bh4 g6 41. Be7 h5 42. Bg5 Nc5+ 43. Ke3 Ne6 44. Be7 Nf4 45. g3 Ne6 46. Kd3
Nd4 47. Ke3 a5 48. Kf2 Nc6 49. Bf6 Kc4 50. Bg7 Kd3 51. Bf8 a4 52. Bd6 e4 53.
fxe4 fxe4 54. Bc5 Nd4 0-1

[Event "Bayern-chTT (LL Nord)"]
[Site "Bayern 2008/09"]
[Date "2009.01.18"]
[Round "5.3"]
[White "Muehling, Werner"]
[Black "Dey, Jan-Marten"]
[Result "1/2-1/2"]
[WhiteElo "2131"]
[BlackElo "2213"]
[PlyCount "26"]
[EventDate "2009.03.??"]
[EventType "team-tourn"]
[EventRounds "9"]
[WhiteTeam "Schwandorf 1"]
[BlackTeam "Schweinfurt 1"]

1. d4 d5 2. Nf3 Nc6 3. e3 Bg4 4. Be2 Nf6 5. Nbd2 e6 6. O-O Bd6 7. c4 dxc4 8.
Nxc4 O-O 9. a3 a6 10. Bd2 b5 11. Na5 Nxa5 12. Bxa5 Qe7 13. Rc1 c5 1/2-1/2

[Event "Bayern-chTT (LL Nord)"]
[Site "Bayern 2008/09"]
[Date "2009.01.18"]
[Round "5.4"]
[White "Seidens, Udo"]
[Black "Dirmeier, Matthias"]
[Result "1/2-1/2"]
[WhiteElo "2127"]
[BlackElo "1947"]
[PlyCount "26"]
[EventDate "2009.03.??"]
[EventType "team-tourn"]
[EventRounds "9"]
[WhiteTeam "Schweinfurt 1"]
[BlackTeam "Schwandorf 1"]

1. Nf3 d5 2. c4 c6 3. Qc2 Nf6 4. b3 Bg4 5. Ne5 Bh5 6. Bb2 e6 7. d3 Nbd7 8. Nxd7
Qxd7 9. g3 d4 10. Bg2 Bc5 11. Nd2 O-O 12. a3 a5 13. Nf3 Rfe8 1/2-1/2

[Event "Bayern-chTT (LL Nord)"]
[Site "Bayern 2008/09"]
[Date "2009.01.18"]
[Round "5.5"]
[White "Stoeckl, Stephan"]
[Black "Rink, Christian"]
[Result "1/2-1/2"]
[WhiteElo "1976"]
[BlackElo "2063"]
[PlyCount "32"]
[EventDate "2009.03.??"]
[EventType "team-tourn"]
[EventRounds "9"]
[WhiteTeam "Schwandorf 1"]
[BlackTeam "Schweinfurt 1"]

1. Nf3 Nf6 2. c4 g6 3. b3 Bg7 4. Bb2 c5 5. g3 Nc6 6. Bg2 O-O 7. O-O d6 8. d3
Bd7 9. Nc3 a6 10. Re1 Rb8 11. Nd5 e6 12. Nxf6+ Bxf6 13. d4 b5 14. Rc1 Qa5 15.
Bc3 b4 16. Ba1 Rfd8 1/2-1/2

[Event "Bayern-chTT (LL Nord)"]
[Site "Bayern 2008/09"]
[Date "2009.01.18"]
[Round "5.6"]
[White "Fischer, Emil"]
[Black "Lautner, Juergen"]
[Result "1-0"]
[WhiteElo "2093"]
[BlackElo "1942"]
[PlyCount "75"]
[EventDate "2009.03.??"]
[EventType "team-tourn"]
[EventRounds "9"]
[WhiteTeam "Schweinfurt 1"]
[BlackTeam "Schwandorf 1"]

1. e4 d5 2. exd5 Qxd5 3. Nc3 Qd6 4. d4 Nf6 5. Bc4 a6 6. Nge2 b5 7. Bf4 Qb6 8.
Bb3 Bb7 9. O-O Nbd7 10. Be3 c5 11. dxc5 Qc6 12. f3 e6 13. Nd4 Qxc5 14. Qe1 Qc7
15. Rd1 Bd6 16. Qh4 O-O 17. Ndxb5 Bxh2+ 18. Qxh2 Qxh2+ 19. Kxh2 axb5 20. Nxb5
Ba6 21. c4 Rfc8 22. Rd6 Ne5 23. Na7 Nxc4 24. Bxc4 Rxc4 25. Rxa6 Nd5 26. Bg1 g5
27. b3 Rh4+ 28. Kg3 Nc3 29. Bc5 e5 30. Kf2 e4 31. Rc1 Nd5 32. fxe4 Rxe4 33. Re1
Rf4+ 34. Kg1 Nc3 35. Re5 f6 36. Re7 Rd8 37. Rd6 Rc8 38. Nxc8 1-0

[Event "Bayern-chTT (LL Nord)"]
[Site "Bayern 2008/09"]
[Date "2009.01.18"]
[Round "5.7"]
[White "Paar, Johannes"]
[Black "Ehrler, Eberhard"]
[Result "1/2-1/2"]
[WhiteElo "1866"]
[BlackElo "2077"]
[PlyCount "58"]
[EventDate "2009.03.??"]
[EventType "team-tourn"]
[EventRounds "9"]
[WhiteTeam "Schwandorf 1"]
[BlackTeam "Schweinfurt 1"]

1. e4 d6 2. d4 Nf6 3. Nc3 c6 4. Be2 b5 5. e5 dxe5 6. dxe5 Qxd1+ 7. Bxd1 Nd5 8.
Nxd5 cxd5 9. Ne2 e6 10. Nd4 a6 11. Be3 Bd7 12. O-O Nc6 13. Nxc6 Bxc6 14. c3 Be7
15. a4 bxa4 16. Bxa4 Kd7 17. Rfd1 Bxa4 18. Rxa4 Kc6 19. c4 Rhd8 20. cxd5+ Rxd5
21. Rc4+ Kb7 22. Rxd5 exd5 23. Rf4 f6 24. exf6 Bxf6 25. Rb4+ Kc6 26. Kf1 a5 27.
Rb6+ Kc7 28. Rb3 a4 29. Rb4 Kd6 1/2-1/2

[Event "Bayern-chTT (LL Nord)"]
[Site "Bayern 2008/09"]
[Date "2009.01.18"]
[Round "5.8"]
[White "Kuegel, Konrad"]
[Black "Dotzauer, Ernst"]
[Result "1/2-1/2"]
[WhiteElo "2023"]
[BlackElo "1770"]
[PlyCount "90"]
[EventDate "2009.03.??"]
[EventType "team-tourn"]
[EventRounds "9"]
[WhiteTeam "Schweinfurt 1"]
[BlackTeam "Schwandorf 1"]

1. d4 d5 2. c4 c6 3. Nf3 Nf6 4. Nc3 e6 5. e3 Bb4 6. Bd3 Nbd7 7. O-O Bxc3 8.
bxc3 O-O 9. Nd2 e5 10. e4 dxe4 11. Nxe4 Nxe4 12. Bxe4 f5 13. Bc2 e4 14. f3 Nf6
15. Bg5 exf3 16. Qxf3 Be6 17. Rfe1 Qd7 18. Bb3 Ne4 19. Bf4 b5 20. d5 cxd5 21.
cxd5 Bf7 22. Rad1 Rac8 23. Re3 a5 24. Be5 Rfe8 25. Bd4 a4 26. Bc2 Bxd5 27. Bxe4
Bxe4 28. Qf4 Qf7 29. Rg3 g6 30. a3 Bc2 31. Rc1 Re4 32. Qd2 Bb3 33. Re1 Rxe1+
34. Qxe1 Re8 35. Re3 Rxe3 36. Qxe3 Bc4 37. Qe5 Kf8 38. Bc5+ Kg8 39. Qb8+ Kg7
40. Bd4+ Kh6 41. Qd8 g5 42. h4 gxh4 43. Qxh4+ Kg6 44. Qg3+ Kh5 45. Qf3+ Kg6
1/2-1/2

[Event "Bayern-chTT (LL Nord)"]
[Site "Bayern 2008/09"]
[Date "2009.02.01"]
[Round "6.2"]
[White "Giessmann, Stephan(73)"]
[Black "Barth, Norbert Dr"]
[Result "1/2-1/2"]
[WhiteElo "2129"]
[BlackElo "2208"]
[PlyCount "73"]
[EventDate "2009.03.??"]
[EventType "team-tourn"]
[EventRounds "9"]
[WhiteTeam "Kelheim 1"]
[BlackTeam "Schwandorf 1"]

1. d4 e6 2. e4 d5 3. exd5 exd5 4. c4 Bb4+ 5. Nc3 Nc6 6. cxd5 Qxd5 7. a3 Bxc3+
8. bxc3 Nge7 9. Nf3 Qe4+ 10. Be2 Nd5 11. Qd2 Na5 12. O-O Nb3 13. Qe1 O-O 14.
Nd2 Nxd2 15. Qxd2 c6 16. Bf3 Qg6 17. c4 Nb6 18. Qb4 Bg4 19. Bxg4 Qxg4 20. Bb2
Qd7 21. a4 Nc8 22. Rfe1 Nd6 23. d5 cxd5 24. cxd5 Rfe8 25. Be5 Nf5 26. Qg4 Qxd5
27. Qxf5 f6 28. f4 fxe5 29. fxe5 Rad8 30. h3 Re7 31. Qe4 Qe6 32. Rad1 Red7 33.
Rxd7 Rxd7 34. Rc1 Re7 35. Re1 g6 36. Kh1 Kg7 37. Qd4 1/2-1/2

[Event "Bayern-chTT (LL Nord)"]
[Site "Bayern 2008/09"]
[Date "2009.02.01"]
[Round "6.3"]
[White "Muehling, Werner"]
[Black "Kreuzer, Helmut"]
[Result "1/2-1/2"]
[WhiteElo "2131"]
[BlackElo "2194"]
[PlyCount "28"]
[EventDate "2009.03.??"]
[EventType "team-tourn"]
[EventRounds "9"]
[WhiteTeam "Schwandorf 1"]
[BlackTeam "Kelheim 1"]

1. d4 Nf6 2. Nf3 d5 3. e3 Bg4 4. c4 e6 5. Qb3 Qc8 6. Ne5 Bf5 7. Be2 h6 8. Nc3
c6 9. O-O Nbd7 10. f4 Bd6 11. Bd2 Ne4 12. Nxe4 Bxe4 13. Rac1 O-O 14. Bb4 Bxb4
1/2-1/2

[Event "Bayern-chTT (LL Nord)"]
[Site "Bayern 2008/09"]
[Date "2009.02.01"]
[Round "6.4"]
[White "Fuhrmann, Max(90)"]
[Black "Jehl, Guenter"]
[Result "1-0"]
[WhiteElo "2122"]
[BlackElo "2076"]
[PlyCount "95"]
[EventDate "2009.03.??"]
[EventType "team-tourn"]
[EventRounds "9"]
[WhiteTeam "Kelheim 1"]
[BlackTeam "Schwandorf 1"]

1. e4 d5 2. exd5 Qxd5 3. Nc3 Qd6 4. d4 Nf6 5. Bd3 c6 6. Nge2 Bg4 7. f3 Bh5 8.
Ne4 Qd8 9. Nxf6+ gxf6 10. c3 Bg6 11. Bc4 e6 12. Nf4 Bd6 13. Qe2 Nd7 14. g3 Qe7
15. Be3 Nb6 16. Bb3 Nd5 17. Nxd5 exd5 18. Bh6 Qxe2+ 19. Kxe2 Bf8 20. Bf4 O-O-O
21. Rae1 Bd6 22. Bxd6 Rxd6 23. Kd2 Kd7 24. h4 h5 25. Bd1 Re6 26. Re3 Rhe8 27.
Rhe1 Rh8 28. Be2 Rxe3 29. Kxe3 Re8+ 30. Kf2 Re6 31. Bf1 f5 32. Re3 Ke7 33.
Rxe6+ fxe6 34. Ke3 Kf6 35. Kf4 b6 36. Be2 Be8 37. g4 fxg4 38. fxg4 hxg4 39.
Bxg4 a5 40. Bd1 c5 41. h5 a4 42. h6 a3 43. h7 Kg7 44. bxa3 cxd4 45. cxd4 Bg6
46. Bg4 Bb1 47. Bxe6 Bxa2 48. Bg8 1-0

[Event "Bayern-chTT (LL Nord)"]
[Site "Bayern 2008/09"]
[Date "2009.02.01"]
[Round "6.5"]
[White "Dirmeier, Matthias"]
[Black "Eibl, Maximilian"]
[Result "1/2-1/2"]
[WhiteElo "1947"]
[BlackElo "2013"]
[PlyCount "21"]
[EventDate "2009.03.??"]
[EventType "team-tourn"]
[EventRounds "9"]
[WhiteTeam "Schwandorf 1"]
[BlackTeam "Kelheim 1"]

1. e4 c5 2. Nf3 d6 3. c3 Nf6 4. Bd3 Bg4 5. h3 Bh5 6. Be2 Qd7 7. d3 e5 8. Be3
Nc6 9. c4 Be7 10. Nc3 O-O 11. g4 1/2-1/2

[Event "Bayern-chTT (LL Nord)"]
[Site "Bayern 2008/09"]
[Date "2009.02.01"]
[Round "6.6"]
[White "Kreuzer, Gerhard"]
[Black "Stoeckl, Stephan"]
[Result "1/2-1/2"]
[WhiteElo "2189"]
[BlackElo "1976"]
[PlyCount "51"]
[EventDate "2009.03.??"]
[EventType "team-tourn"]
[EventRounds "9"]
[WhiteTeam "Kelheim 1"]
[BlackTeam "Schwandorf 1"]

1. c4 Nf6 2. Nc3 b6 3. e4 d6 4. d4 Bb7 5. Bd3 g6 6. Nge2 Bg7 7. f3 Nbd7 8. Be3
c5 9. d5 O-O 10. O-O Ne5 11. h3 Nxd3 12. Qxd3 Ba6 13. b3 Rb8 14. Rae1 Qd7 15.
a4 Bc8 16. Bf4 a6 17. Nc1 Qa7 18. Qd2 Bd7 19. Nd3 b5 20. axb5 axb5 21. e5 Ne8
22. Ne4 bxc4 23. bxc4 Rb6 24. Kh1 Bf5 25. exd6 Nxd6 26. Nxd6 1/2-1/2

[Event "Bayern-chTT (LL Nord)"]
[Site "Bayern 2008/09"]
[Date "2009.02.01"]
[Round "6.7"]
[White "Paar, Johannes"]
[Black "Frieser, Klaus"]
[Result "0-1"]
[WhiteElo "1866"]
[BlackElo "2107"]
[PlyCount "56"]
[EventDate "2009.03.??"]
[EventType "team-tourn"]
[EventRounds "9"]
[WhiteTeam "Schwandorf 1"]
[BlackTeam "Kelheim 1"]

1. e4 e5 2. Nf3 Nf6 3. d4 exd4 4. Bc4 Bb4+ 5. c3 dxc3 6. O-O O-O 7. Qb3 c2 8.
Qxc2 d6 9. Ng5 Qe7 10. a3 Bc5 11. Nc3 h6 12. e5 Qxe5 13. Nd5 hxg5 14. Nxc7 Nc6
15. Nxa8 Bf5 16. Qe2 Qxe2 17. Bxe2 Nd4 18. Bc4 b5 19. b4 bxc4 20. bxc5 Rxa8 21.
cxd6 Bd3 22. Rd1 Ne4 23. Be3 Nb3 24. d7 Rd8 25. f3 Nc3 26. Re1 Nxa1 27. Bd4
Ne2+ 28. Kf2 Nc2 0-1

[Event "Bayern-chTT (LL Nord)"]
[Site "Bayern 2008/09"]
[Date "2009.02.01"]
[Round "6.8"]
[White "Maurer, Heinrich(46)"]
[Black "Dotzauer, Ernst"]
[Result "1-0"]
[WhiteElo "2063"]
[BlackElo "1770"]
[PlyCount "165"]
[EventDate "2009.03.??"]
[EventType "team-tourn"]
[EventRounds "9"]
[WhiteTeam "Kelheim 1"]
[BlackTeam "Schwandorf 1"]

1. e4 c6 2. d4 d5 3. Nc3 e6 4. Nf3 Bb4 5. e5 Ne7 6. Bd3 Ng6 7. O-O Nd7 8. Ne2
Be7 9. c3 b6 10. Bd2 c5 11. Ne1 c4 12. Bc2 a6 13. f4 f5 14. exf6 Nxf6 15. Ng3
Nh4 16. Nf3 Nf5 17. Ne5 Nxg3 18. hxg3 O-O 19. Qe2 Qe8 20. Rae1 Bd6 21. g4 Ra7
22. Rf3 Bxe5 23. fxe5 Ne4 24. Bxe4 dxe4 25. Rxf8+ Kxf8 26. Qxc4 Kg8 27. Rxe4
Bb7 28. Rf4 Bd5 29. Qb4 b5 30. Qc5 Ra8 31. b3 Rc8 32. Qa3 Ra8 33. Rf2 Qg6 34.
Qe7 h6 35. Qh4 a5 36. Kh2 a4 37. bxa4 Rxa4 38. Qd8+ Kh7 39. Rf8 Qxg4 40. Rh8+
Kg6 41. Qe8+ Kf5 42. Rf8+ Ke4 43. Rf4+ Qxf4+ 44. Bxf4 Kxf4 45. a3 Bc4 46. Qf8+
Ke3 47. Qc5 Kd3 48. d5 Bxd5 49. Qxb5+ Rc4 50. a4 Kxc3 51. a5 Rh4+ 52. Kg1 Rb4
53. Qc5+ Rc4 54. Qb6 Rc6 55. Qb5 Kd4 56. Qb2+ Kc5 57. Qb7 g5 58. a6 Rb6 59.
Qc8+ Rc6 60. Qb7 Rb6 61. Qc7+ Rc6 62. Qa5+ Kd4 63. a7 Rc8 64. Qb4+ Rc4 65. Qb2+
Ke3 66. a8=Q Bxa8 67. Qa3+ Kf4 68. Qxa8 Kxe5 69. Qh8+ Kf5 70. Qxh6 Rc1+ 71. Kh2
Rc4 72. Qh7+ Ke5 73. Qg7+ Kf5 74. Qf7+ Ke5 75. Kg3 Rf4 76. Qg6 Rf5 77. Kg4 Rf4+
78. Kh3 Rf5 79. g4 Rf3+ 80. Kg2 Kf4 81. Qf6+ Kxg4 82. Qxf3+ Kh4 83. Qh3# 1-0

[Event "Bayern-chTT (LL Nord)"]
[Site "Bayern 2008/09"]
[Date "2009.02.01"]
[Round "6.2"]
[White "Reis, Gerhard"]
[Black "Huemmer, Bernd"]
[Result "1-0"]
[WhiteElo "2149"]
[BlackElo "2145"]
[PlyCount "67"]
[EventDate "2009.03.??"]
[EventType "team-tourn"]
[EventRounds "9"]
[WhiteTeam "Zirndorf 1"]
[BlackTeam "Schweinfurt 1"]

1. Nf3 d5 2. d4 e6 3. c4 c6 4. Nc3 f5 5. g3 Nf6 6. Bg2 Bd6 7. O-O O-O 8. Bf4
Bxf4 9. gxf4 Ne4 10. Qc2 Bd7 11. e3 Be8 12. Ne5 Nd7 13. Ne2 Kh8 14. cxd5 exd5
15. f3 Nd6 16. Ng3 Qh4 17. Rae1 Rd8 18. Rf2 Bg6 19. Bf1 Kg8 20. Bd3 Nb6 21. Kh1
Qf6 22. Rg1 Be8 23. Rfg2 Kh8 24. b3 Rc8 25. Nf1 Rc7 26. Rg5 Nbc8 27. Qg2 h6 28.
Qh3 Ne7 29. R5g2 Ng8 30. Ng3 Re7 31. Nh5 Bxh5 32. Qxh5 Rc8 33. Rg6 Qf8 34. Rxd6
1-0

[Event "Bayern-chTT (LL Nord)"]
[Site "Bayern 2008/09"]
[Date "2009.02.01"]
[Round "6.3"]
[White "Dey, Jan-Marten"]
[Black "Seibold, Hubert Dr"]
[Result "1-0"]
[WhiteElo "2213"]
[BlackElo "2148"]
[PlyCount "74"]
[EventDate "2009.03.??"]
[EventType "team-tourn"]
[EventRounds "9"]
[WhiteTeam "Schweinfurt 1"]
[BlackTeam "Zirndorf 1"]

1. e4 c5 2. Nf3 d6 3. Bb5+ Bd7 4. Bxd7+ Qxd7 5. O-O Nc6 6. d4 cxd4 7. Nxd4 Nf6
8. Nc3 e6 9. Be3 Be7 10. Qe2 O-O 11. Rad1 a6 12. f4 Qc7 13. f5 Nxd4 14. Bxd4 b5
15. e5 dxe5 16. Bxe5 Qb6+ 17. Kh1 Rfe8 18. Qf3 Rad8 19. fxe6 Qxe6 20. Rde1 Qg4
21. Qf2 Qg6 22. h3 Nd7 23. Bc7 Rc8 24. Nd5 Bc5 25. Qf3 f6 26. c3 Rxe1 27. Rxe1
Re8 28. Rd1 Qc2 29. b4 Re2 30. Rf1 Bf8 31. Nf4 Rd2 32. Qg4 Qe4 33. Qg3 Qc4 34.
Qe1 Rxa2 35. Ne6 Re2 36. Qd1 Rxe6 37. Bg3 Qe2 1-0

[Event "Bayern-chTT (LL Nord)"]
[Site "Bayern 2008/09"]
[Date "2009.02.01"]
[Round "6.5"]
[White "Seidens, Udo"]
[Black "Zuehlke, Burkhard Dr"]
[Result "1-0"]
[WhiteElo "2127"]
[BlackElo "2029"]
[PlyCount "72"]
[EventDate "2009.03.??"]
[EventType "team-tourn"]
[EventRounds "9"]
[WhiteTeam "Schweinfurt 1"]
[BlackTeam "Zirndorf 1"]

1. c4 g6 2. Nc3 Bg7 3. g3 d6 4. Bg2 Nf6 5. e3 e5 6. Nge2 O-O 7. O-O c6 8. h3
Nbd7 9. Rb1 Nb6 10. d3 Be6 11. f4 Nfd7 12. Ne4 Nc5 13. Ng5 Bd7 14. b4 Ne6 15.
Ne4 d5 16. Nd6 Qc7 17. c5 exf4 18. gxf4 f5 19. Bb2 Bxb2 20. Rxb2 Nc8 21. Nxc8
Raxc8 22. Qb3 Rce8 23. Qc3 Ng7 24. Rf3 Re7 25. Nd4 Rfe8 26. Re2 Ne6 27. Bh1 Ng7
28. a4 a6 29. Bg2 Ne6 30. Qb2 b6 31. Rg3 Nxd4 32. Qxd4 bxc5 33. Qxc5 Rg7 34.
Bxd5+ Kh8 35. Rc2 g5 36. Bxc6 Bxc6 1-0

[Event "Bayern-chTT (LL Nord)"]
[Site "Bayern 2008/09"]
[Date "2009.02.01"]
[Round "6.6"]
[White "Wiemer, Peter"]
[Black "Rink, Christian"]
[Result "1-0"]
[WhiteElo "2089"]
[BlackElo "2063"]
[PlyCount "159"]
[EventDate "2009.03.??"]
[EventType "team-tourn"]
[EventRounds "9"]
[WhiteTeam "Zirndorf 1"]
[BlackTeam "Schweinfurt 1"]

1. e4 Nf6 2. e5 Nd5 3. d4 d6 4. Nf3 Bg4 5. Be2 e6 6. O-O Be7 7. c4 Nb6 8. Nfd2
Bxe2 9. Qxe2 Nc6 10. Nf3 dxe5 11. dxe5 Nd4 12. Qe4 Nxf3+ 13. Qxf3 Nxc4 14. Rd1
Qc8 15. Qg4 Nxe5 16. Qxg7 Ng6 17. Nc3 Bf8 18. Qd4 c5 19. Qa4+ Qc6 20. Qxc6+
bxc6 21. Ne4 Be7 22. Bh6 Rd8 23. Rac1 Rg8 24. Be3 Nh4 25. g3 Nf5 26. Bxc5 Rxd1+
27. Rxd1 Rg4 28. Bxe7 Rxe4 29. Bf6 Ne7 30. Bd4 a6 31. Kf1 e5 32. Bc3 Nd5 33.
Rd3 f6 34. f3 Ra4 35. a3 Rc4 36. Ke2 e4 37. fxe4 Rxe4+ 38. Kf3 Rc4 39. Rd4 Rxd4
40. Bxd4 f5 41. g4 fxg4+ 42. Kxg4 Kf7 43. Kf5 Nc7 44. Bb6 Ne6 45. Ke5 Ke7 46.
Bf2 Kd7 47. Bh4 Nc5 48. Kf5 Nd3 49. Bf6 Kd6 50. Bc3 Ke7 51. Ke4 Nc5+ 52. Kf5
Nd3 53. Kg5 Kf7 54. Kh6 Kg8 55. Bd4 Ne1 56. Be5 Nf3 57. Bd6 Nd2 58. Bb4 Nf3 59.
Bd6 Nd2 60. Be5 Nf3 61. Bf4 Nd4 62. h3 Nf3 63. Kh5 Kf7 64. Kg4 Nd4 65. Be5 Nb3
66. Kf5 Na5 67. Bd4 Nc4 68. Bc3 Ne3+ 69. Ke5 Ke7 70. Kd4 Nd5 71. Kc5 Kd7 72.
Be5 Ke6 73. Bh2 Kd7 74. Bg3 Ne3 75. a4 h5 76. Bf4 Nd5 77. Bh2 Ne3 78. Bg3 Nd1
79. Be5 Ke6 80. Bd4 1-0

[Event "Bayern-chTT (LL Nord)"]
[Site "Bayern 2008/09"]
[Date "2009.02.01"]
[Round "6.7"]
[White "Fischer, Emil"]
[Black "Bildt, Thomas"]
[Result "0-1"]
[WhiteElo "2093"]
[BlackElo "1985"]
[PlyCount "73"]
[EventDate "2009.03.??"]
[EventType "team-tourn"]
[EventRounds "9"]
[WhiteTeam "Schweinfurt 1"]
[BlackTeam "Zirndorf 1"]

1. e4 e5 2. Nf3 Nc6 3. Bc4 Bc5 4. b4 Bxb4 5. c3 Ba5 6. d4 exd4 7. O-O Bb6 8.
cxd4 d6 9. Nc3 Nf6 10. e5 dxe5 11. Ba3 Nxd4 12. Nxe5 Be6 13. Qa4+ c6 14. Rad1
Qc7 15. Bxe6 Nxe6 16. Nc4 Bc5 17. Nd6+ Kf8 18. Bxc5 Nxc5 19. Qd4 Ne6 20. Qe5
Rd8 21. Rfe1 h5 22. h3 Rh6 23. Rd3 Nd5 24. Nce4 Nef4 25. Rg3 Ng6 26. Qf5 Kg8
27. Nc4 Re8 28. Rb1 Ne5 29. Ng5 Nxc4 30. Rgb3 Nd6 31. Qf3 Qe7 32. h4 Qf6 33.
Qg3 Rg6 34. Qd3 Qf5 35. Qxf5 Nxf5 36. Rxb7 Nxh4 37. Rb8 0-1

[Event "Bayern-chTT (LL Nord)"]
[Site "Bayern 2008/09"]
[Date "2009.02.01"]
[Round "6.8"]
[White "Gerl, Hans Dr"]
[Black "Ehrler, Eberhard"]
[Result "0-1"]
[WhiteElo "1935"]
[BlackElo "2077"]
[PlyCount "96"]
[EventDate "2009.03.??"]
[EventType "team-tourn"]
[EventRounds "9"]
[WhiteTeam "Zirndorf 1"]
[BlackTeam "Schweinfurt 1"]

1. d4 Nf6 2. c4 e6 3. Nf3 b6 4. a3 Bb7 5. Nc3 d5 6. Bg5 Be7 7. e3 Nbd7 8. Be2
O-O 9. O-O c5 10. Qb3 cxd4 11. Nxd4 Nc5 12. Qa2 Nce4 13. Nxe4 Nxe4 14. Bxe7
Qxe7 15. Rfd1 Rac8 16. Rac1 Nd6 17. b3 dxc4 18. bxc4 Rc5 19. Nb3 Rg5 20. f3 Nf5
21. Rf1 Nxe3 22. Rf2 Rd8 23. Qa1 Qf6 24. Qxf6 gxf6 25. c5 bxc5 26. Nxc5 Rc8 27.
Nd3 Rxc1+ 28. Nxc1 Ra5 29. Bd3 Rxa3 30. Re2 Nd5 31. Rb2 Ba6 32. Bxa6 Rxa6 33.
Kf2 f5 34. Kg3 Ra3 35. Nb3 Kg7 36. Nd4 a5 37. Rb7 Kf6 38. Nc6 a4 39. Nd8 Ne7
40. Ra7 Ra1 41. Kh3 a3 42. Nb7 Nc6 43. Ra4 a2 44. Na5 Nxa5 45. Rxa5 e5 46. Ra6+
Kg7 47. g4 fxg4+ 48. fxg4 e4 0-1

[Event "Bayern-chTT (LL Nord)"]
[Site "Bayern 2008/09"]
[Date "2009.02.01"]
[Round "6.2"]
[White "Muehlbauer, Andreas(80)"]
[Black "Horak, Michal"]
[Result "1/2-1/2"]
[WhiteElo "2110"]
[BlackElo "2286"]
[PlyCount "44"]
[EventDate "2009.03.??"]
[EventType "team-tourn"]
[EventRounds "9"]
[WhiteTeam "Kötzting 1"]
[BlackTeam "Erlangen-SC 1"]

1. e4 c5 2. c3 d6 3. d4 Nf6 4. Bd3 cxd4 5. cxd4 g6 6. Nc3 Bg7 7. Nge2 O-O 8.
O-O a6 9. f3 b5 10. Be3 Bb7 11. Qd2 Nc6 12. Rac1 Rc8 13. Rfd1 Qa5 14. b3 Nd7
15. Bb1 Rfe8 16. Kh1 Nb6 17. d5 Ne5 18. Nd4 Nbd7 19. Nce2 Qxd2 20. Bxd2 Rxc1
21. Rxc1 Rc8 22. Rxc8+ Bxc8 1/2-1/2

[Event "Bayern-chTT (LL Nord)"]
[Site "Bayern 2008/09"]
[Date "2009.02.01"]
[Round "6.3"]
[White "Promyshlyanskiy, Vitaliy"]
[Black "Cedikova, Katerina"]
[Result "0-1"]
[WhiteElo "2201"]
[BlackElo "2126"]
[PlyCount "70"]
[EventDate "2009.03.??"]
[EventType "team-tourn"]
[EventRounds "9"]
[WhiteTeam "Erlangen-SC 1"]
[BlackTeam "Kötzting 1"]

1. e4 c5 2. Nc3 Nc6 3. f4 g6 4. Nf3 Bg7 5. Bb5 Nd4 6. O-O a6 7. Bd3 d6 8. Nxd4
cxd4 9. Ne2 Nf6 10. a4 O-O 11. Qe1 Bd7 12. Kh1 e5 13. b3 Bc6 14. fxe5 dxe5 15.
Ng3 h5 16. Ba3 Re8 17. Rf3 b5 18. Qe2 Qd7 19. Raf1 h4 20. Nf5 gxf5 21. Rxf5 Re6
22. Qe1 h3 23. Qh4 hxg2+ 24. Kxg2 Nh7 25. Be2 Rh6 26. Bh5 f6 27. d3 Kh8 28.
R1f3 Rg8 29. Rg3 Qe6 30. Bc1 Qxf5 31. Bxh6 Bxh6 32. Bf7 Rxg3+ 33. hxg3 Qg5 34.
Qh3 Qd2+ 35. Kf3 Ng5+ 0-1

[Event "Bayern-chTT (LL Nord)"]
[Site "Bayern 2008/09"]
[Date "2009.02.01"]
[Round "6.4"]
[White "Sott, Pavel"]
[Black "Liepold, Stefan"]
[Result "1-0"]
[WhiteElo "2116"]
[BlackElo "2235"]
[PlyCount "137"]
[EventDate "2009.03.??"]
[EventType "team-tourn"]
[EventRounds "9"]
[WhiteTeam "Kötzting 1"]
[BlackTeam "Erlangen-SC 1"]

1. e4 e6 2. d4 d5 3. Nc3 Bb4 4. Qd3 dxe4 5. Qxe4 Nf6 6. Qh4 Bd7 7. Nf3 Bc6 8.
Be2 Ne4 9. Qxd8+ Kxd8 10. Bd2 Nxd2 11. Nxd2 Nd7 12. O-O Nf6 13. Bf3 Bxf3 14.
Nxf3 Ke7 15. Ne2 Bd6 16. Rad1 c5 17. Rfe1 Rhd8 18. Ng3 g6 19. Ne4 Nxe4 20. Rxe4
Bc7 21. Ree1 cxd4 22. Nxd4 Bb6 23. Nf3 Rac8 24. c3 f6 25. Kf1 e5 26. Rd2 Rxd2
27. Nxd2 Rd8 28. Rd1 Ke6 29. Ke2 f5 30. f3 Rc8 31. Kd3 h5 32. h3 g5 33. b3 Rd8+
34. Ke2 Ba5 35. b4 Bb6 36. c4 Rd4 37. Rc1 g4 38. hxg4 hxg4 39. a3 gxf3+ 40.
gxf3 Rh4 41. c5 Bc7 42. Rg1 e4 43. fxe4 fxe4 44. Rg7 Bf4 45. Nxe4 Bh6 46. Ng5+
Kf5 47. Rf7+ Kxg5 48. Rxb7 Kf5 49. c6 Rc4 50. b5 Ke4 51. Re7+ Kd4 52. Rxa7 Bf4
53. a4 Ke4 54. Re7+ Be5 55. a5 Kd5 56. b6 Rxc6 57. Rxe5+ Kxe5 58. b7 Rc2+ 59.
Kd3 Rb2 60. a6 Kd6 61. a7 Rxb7 62. a8=Q Rb5 63. Kc4 Rf5 64. Qd8+ Ke6 65. Qa8
Kd6 66. Qb8+ Ke6 67. Kd4 Rd5+ 68. Ke4 Rd6 69. Qe8+ 1-0

[Event "Bayern-chTT (LL Nord)"]
[Site "Bayern 2008/09"]
[Date "2009.02.01"]
[Round "6.5"]
[White "Martin Fernandez, Rodrigo"]
[Black "Muehlbauer, Gerhard"]
[Result "1/2-1/2"]
[WhiteElo "2085"]
[BlackElo "1973"]
[PlyCount "111"]
[EventDate "2009.03.??"]
[EventType "team-tourn"]
[EventRounds "9"]
[WhiteTeam "Erlangen-SC 1"]
[BlackTeam "Kötzting 1"]

1. d4 Nf6 2. c4 c5 3. d5 e6 4. Nc3 exd5 5. cxd5 d6 6. e4 a6 7. a4 g6 8. h3 Bg7
9. Nf3 O-O 10. Bd3 Qc7 11. O-O Nbd7 12. Bf4 Rb8 13. a5 c4 14. Bc2 b5 15. axb6
Rxb6 16. Na4 Rb5 17. Nd4 Re8 18. Nxb5 axb5 19. Nc3 Qb6 20. Be3 Nc5 21. f3 Bd7
22. b4 cxb3 23. Bxb3 Ng4 24. hxg4 Bxc3 25. Rb1 Ra8 26. Rf2 Ra3 27. Ra2 Qa5 28.
Rxa3 Qxa3 29. Qc2 b4 30. Bc4 Qa5 31. g5 Ba4 32. Qa2 Qb6 33. Kh2 Kg7 34. Qxa4
Nxa4 35. Bxb6 Nxb6 36. Bb3 Bd2 37. Kg3 Bxg5 38. f4 Bf6 39. Kf3 Bc3 40. g4 Nd7
41. Ke3 Nc5 42. Bd1 Kf6 43. g5+ Kg7 44. Rc1 f6 45. gxf6+ Kxf6 46. Bc2 g5 47.
fxg5+ Kxg5 48. Rg1+ Kf6 49. Rh1 Kg7 50. e5 Bxe5 51. Rxh7+ Kf6 52. Rh6+ Kg7 53.
Rh1 b3 54. Bb1 b2 55. Rf1 Na4 56. Be4 1/2-1/2

[Event "Bayern-chTT (LL Nord)"]
[Site "Bayern 2008/09"]
[Date "2009.02.01"]
[Round "6.6"]
[White "Priborsky, Marek"]
[Black "Klek, Hanna-Marie"]
[Result "1-0"]
[WhiteElo "2170"]
[BlackElo "1867"]
[PlyCount "49"]
[EventDate "2009.03.??"]
[EventType "team-tourn"]
[EventRounds "9"]
[WhiteTeam "Kötzting 1"]
[BlackTeam "Erlangen-SC 1"]

1. e4 c5 2. c3 Nf6 3. e5 Nd5 4. d4 cxd4 5. Nf3 e6 6. cxd4 d6 7. a3 Nc6 8. Bd3
Be7 9. O-O Qc7 10. Qe2 Bd7 11. Re1 Na5 12. Nc3 Nxc3 13. bxc3 Rc8 14. d5 Nb3 15.
dxe6 Bxe6 16. Bb5+ Kf8 17. Rb1 Qxc3 18. Bb2 Qc7 19. exd6 Qxd6 20. Rbd1 Qc5 21.
Bd7 Bxd7 22. Rxd7 Bf6 23. Bxf6 gxf6 24. Rxb7 Qxa3 25. Qe3 1-0